<?xml version="1.0" encoding="UTF-8"?><?xml-stylesheet type="text/xsl" href="static/style.xsl"?><OAI-PMH xmlns="http://www.openarchives.org/OAI/2.0/" xmlns:xsi="http://www.w3.org/2001/XMLSchema-instance" xsi:schemaLocation="http://www.openarchives.org/OAI/2.0/ http://www.openarchives.org/OAI/2.0/OAI-PMH.xsd"><responseDate>2026-06-29T21:08:44Z</responseDate><request verb="GetRecord" identifier="oai:riubu.ubu.es:10259/5347" metadataPrefix="marc">https://riubu.ubu.es/oai/request</request><GetRecord><record><header><identifier>oai:riubu.ubu.es:10259/5347</identifier><datestamp>2022-04-08T10:31:37Z</datestamp><setSpec>com_10259_4376</setSpec><setSpec>com_10259_5086</setSpec><setSpec>com_10259_2604</setSpec><setSpec>col_10259_4377</setSpec></header><metadata><record xmlns="http://www.loc.gov/MARC21/slim" xmlns:doc="http://www.lyncode.com/xoai" xmlns:xsi="http://www.w3.org/2001/XMLSchema-instance" xmlns:dcterms="http://purl.org/dc/terms/" xsi:schemaLocation="http://www.loc.gov/MARC21/slim http://www.loc.gov/standards/marcxml/schema/MARC21slim.xsd">
<leader>00925njm 22002777a 4500</leader>
<datafield tag="042" ind1=" " ind2=" ">
<subfield code="a">dc</subfield>
</datafield>
<datafield tag="720" ind1=" " ind2=" ">
<subfield code="a">Cunha Silva, Hugo</subfield>
<subfield code="e">author</subfield>
</datafield>
<datafield tag="720" ind1=" " ind2=" ">
<subfield code="a">Arcos Martínez, Julia</subfield>
<subfield code="e">author</subfield>
</datafield>
<datafield tag="260" ind1=" " ind2=" ">
<subfield code="c">2019-04</subfield>
</datafield>
<datafield tag="520" ind1=" " ind2=" ">
<subfield code="a">A new and selective voltammetric method for chloride determination is proposed, based on platinum and chloride interactions. A screen-printed platinum electrode (SPPtE) functions as a sensing platform, which promotes the formation of chloro-adsorbed species on the electrode surface, acting as an effective means of anion-determination in several matrices. The pretreatment of the SPPtE and careful control of the cathodic stripping voltammetric parameters yielded a well-defined electrochemical signal. This cathodic peak was due to the adsorption of chlorine, which had previously been oxidized from chloride anions in the initial anodic deposition step. It offers a simple, low-cost, fast, reproducible (RSD &lt; 6%) and precise method for selective chloride determination, with limit of detection of 0.76 mM, and a sensitivity of − 24.147 µA mM −1 for a broad determination range of up to 150 mM. Chloride determination was correctly performed with single drops of environmental, pharmaceutical and food samples. In addition, the sensor was successfully adapted as a flexible screen-printed platinum electrode sensor using Gore-Tex® as support for printing.</subfield>
</datafield>
<datafield tag="024" ind2=" " ind1="8">
<subfield code="a">0039-9140</subfield>
</datafield>
<datafield tag="024" ind2=" " ind1="8">
<subfield code="a">http://hdl.handle.net/10259/5347</subfield>
</datafield>
<datafield tag="024" ind2=" " ind1="8">
<subfield code="a">10.1016/j.talanta.2018.12.008</subfield>
</datafield>
<datafield ind1=" " ind2=" " tag="653">
<subfield code="a">Chloride</subfield>
</datafield>
<datafield ind1=" " ind2=" " tag="653">
<subfield code="a">Platinum electrode surface</subfield>
</datafield>
<datafield ind1=" " ind2=" " tag="653">
<subfield code="a">Cathodic stripping voltammetry</subfield>
</datafield>
<datafield ind1=" " ind2=" " tag="653">
<subfield code="a">Screen-printed electrode</subfield>
</datafield>
<datafield ind1=" " ind2=" " tag="653">
<subfield code="a">Flexible sensor</subfield>
</datafield>
<datafield tag="245" ind1="0" ind2="0">
<subfield code="a">Development of a selective chloride sensing platform using a screen-printed platinum electrode</subfield>
</datafield>
</record></metadata></record></GetRecord></OAI-PMH>